Leo y escribo
Saved in:
| Hovedforfatter: | |
|---|---|
| Format: | Bog |
| Sprog: | spansk |
| Udgivet: |
Madrid
Didasco
1981
|
| Fag: | |
| Tags: |
Tilføj Tag
Ingen Tags, Vær først til at tagge denne postø!
|
MARC
| LEADER | 00000nam a2200000 a 4500 | ||
|---|---|---|---|
| 001 | UCO6622 | ||
| 003 | CL-VaPUC | ||
| 008 | 001027e19810000SP |||||||||||||||||spa|d | ||
| 082 | 0 | 4 | |a 372.4 |b ROD |2 21 |
| 100 | 0 | |a Rodríguez de Pablos, Francisco Javier |e author |9 451413 | |
| 245 | 1 | 0 | |a Leo y escribo |
| 300 | |a 116 p | ||
| 942 | |c BK | ||
| 945 | |d 20001027 00:00:00 |a vberengu | ||
| 260 | |a Madrid |b Didasco |c 1981 | ||
| 650 | 0 | |a Educación básica |9 224933 | |
| 650 | 0 | |a Educación lingüística |9 306506 | |
| 650 | 0 | |a Enseñanza de la escritura |9 307377 | |
| 650 | 0 | |a Enseñanza de la lectura |9 308364 | |
| 650 | 0 | |a Métodos de enseñanza |9 270413 | |
| 583 | |a last modification |c 20001027 00:00:00 |k Rodrigo Vera | ||
| 999 | |c 292101 |d 292099 | ||
| 952 | |0 0 |1 0 |4 0 |6 372_400000000000000_ROD_1981 |7 0 |8 A |9 342701 |a BIBEDU |b BIBEDU |d 2019-11-20 |i 3661555 |o 372.4 ROD 1981 |p 3661555 |r 2019-11-20 |w 2019-11-20 |y BK |k BME | ||